000 00267nam a2200109 4500
999 _c10877
_d10877
003 OSt
005 20221019172022.0
008 221019b ||||| |||| 00| 0 eng d
100 _aCharles Moore and company
245 _aGlobal Architecture special issue
942 _2ddc